000 00202nam a2200085Ia 4500
008 170620s9999 xx 000 0 und d
100 _aBentham- Jeremy
245 4 _aThe theory of legislation
260 _bLexis Nexis
260 _c2008
999 _c29348
_d29348